Demanda de transporte de pasajeros en el corredor Alajuela-Heredia-San Jose
Gorde:
| Egile nagusia: | |
|---|---|
| Formatua: | Liburua |
| Argitaratua: |
[San José , Costa Rica]
1982
|
| Gaiak: | |
| Etiketak: |
Etiketa erantsi
Etiketarik gabe, Izan zaitez lehena erregistro honi etiketa jartzen!
|
MARC
| LEADER | 00000nam a2200000Ia 4500 | ||
|---|---|---|---|
| 003 | 002082 | ||
| 005 | 20221231144421.0 | ||
| 008 | 140114s1982 cr a m 000 ||s d | ||
| 040 | |c cru CEDI | ||
| 090 | |a TFG 1247 | ||
| 100 | |a Herrera Quesada, Rolando |9 15417 | ||
| 245 | |a Demanda de transporte de pasajeros en el corredor Alajuela-Heredia-San Jose | ||
| 260 | |c 1982 |a [San José , Costa Rica] | ||
| 300 | |a 137 hojas : ilustraciones ; 28 cm | ||
| 500 | |a Proyecto de graduación (licenciatura en ingeniería civil)--Universidad de Costa Rica. Facultad de Ingeniería. Escuela de Ingeniería Civil | ||
| 650 | |x TRANSPORTE - COSTA RICA |x TRANSPORTE |9 15418 | ||
| 942 | |c TFG | ||
| 999 | |c 21584 |d 21584 | ||
